[Event "POL-chT3 Kujawsko Pomorskie 0708"]
[Site "Poland"]
[Date "2007.12.02"]
[Round "3.29"]
[White "Wisniewski, Przemyslaw"]
[Black "Sikorski, Dariusz"]
[Result "1-0"]
[WhiteElo "2049"]
[BlackElo "2078"]
[PlyCount "57"]
[EventDate "2007.11.04"]
[EventType "team-tourn"]
[EventRounds "11"]
[EventCountry "POL"]
[SourceTitle "EXT 2019"]
[Source "ChessBase"]
[SourceDate "2018.10.10"]
[SourceVersion "1"]
[SourceVersionDate "2018.10.10"]
[SourceQuality "1"]

1. a3 e5 2. c4 c6 3. Nf3 e4 4. Nd4 Qb6 5. e3 c5 6. Ne2 Qg6 7. Nf4 Qh6 8. Nc3 Nf6 9. Qc2 Be7 10. Nxe4 0-0 11. Nxf6+ Bxf6 12. Nd5 Nc6 13. Nxf6+ Qxf6 14. Bd3 Qh4 15. g3 Qh6 16. f4 d6 17. 0-0 Bh3 18. Rf2 f5 19. b3 Rae8 20. Bb2 Re6 21. Bf1 Bg4 22. Bg2 Rg6 23. b4 cxb4 24. axb4 Nxb4 25. Qb3 Nc6 26. Qxb7 Nd8 27. Bd5+ Ne6 28. Rxa7 Rd8 29. Qc7 1-0

[Event "POL-chT3 Kujawsko Pomorskie 0708"]
[Site "Poland"]
[Date "2007.11.04"]
[Round "1.23"]
[White "Krainski, Jaroslaw"]
[Black "Sikorski, Dariusz"]
[Result "1-0"]
[WhiteElo "2053"]
[BlackElo "2078"]
[PlyCount "91"]
[EventDate "2007.11.04"]
[EventType "team-tourn"]
[EventRounds "11"]
[EventCountry "POL"]
[SourceTitle "EXT 2019"]
[Source "ChessBase"]
[SourceDate "2018.10.10"]
[SourceVersion "1"]
[SourceVersionDate "2018.10.10"]
[SourceQuality "1"]

1. e4 c6 2. d4 d5 3. Nd2 dxe4 4. Nxe4 Nf6 5. Nxf6+ gxf6 6. c3 Bf5 7. Nf3 e6 8. g3 Qd5 9. Bg2 Qc4 10. Qb3 Qa6 11. Bf1 Qb6 12. Nh4 Be4 13. f3 Bg6 14. Be3 Nd7 15. Bh3 Qxb3 16. axb3 Bd6 17. b4 Nb6 18. Bf1 0-0 19. Kf2 Bc2 20. Ra3 e5 21. dxe5 fxe5 22. Be2 Nc8 23. Rc1 Bg6 24. Rd1 a6 25. Bc4 Rd8 26. Raa1 b5 27. Bb3 Ne7 28. Rd2 Bc7 29. Rxd8+ Bxd8 30. Rd1 Kf8 31. Rd7 Ke8 32. Rb7 Nd5 33. Nxg6 hxg6 34. Bc5 Be7 35. Bxd5 Bxc5+ 36. bxc5 cxd5 37. Ke3 Rc8 38. b4 Rc6 39. h4 f5 40. Rb6 Kd7 41. Rxc6 Kxc6 42. g4 f4+ 43. Kd3 a5 44. bxa5 d4 45. cxd4 b4 46. dxe5 1-0

[Event "Perla Baltyku op-B 3rd"]
[Site "Mielno"]
[Date "2007.06.23"]
[Round "7"]
[White "Roszkowski, Rafal"]
[Black "Sikorski, Dariusz"]
[Result "1-0"]
[WhiteElo "2080"]
[BlackElo "2083"]
[PlyCount "49"]
[EventDate "2007.06.18"]
[EventType "swiss"]
[EventRounds "9"]
[EventCountry "POL"]
[SourceTitle "EXT 2008"]
[Source "ChessBase"]
[SourceDate "2007.11.25"]
[SourceVersion "1"]
[SourceVersionDate "2007.11.25"]
[SourceQuality "1"]

1. e4 c6 2. c4 d5 3. cxd5 cxd5 4. exd5 Qxd5 5. Nc3 Qa5 6. Bc4 e6 7. Nf3 Nf6 8. 0-0 Nc6 9. d4 Be7 10. Qe2 0-0 11. Rd1 Rd8 12. Bf4 a6 13. Rac1 b5 14. Bb3 Bb7 15. d5 exd5 16. Nxd5 Nxd5 17. Bxd5 Qb4 18. Bc7 Rxd5 19. Rxd5 Bf6 20. Rcd1 Rc8 21. Rd7 Ba8 22. a3 Qf8 23. Re1 g6 24. Bd6 Qh6 25. Qe8+ 1-0

[Event "Perla Baltyku op-B 3rd"]
[Site "Mielno"]
[Date "2007.06.22"]
[Round "6"]
[White "Sikorski, Dariusz"]
[Black "Wcislo, Damian"]
[Result "0-1"]
[WhiteElo "2083"]
[BlackElo "2040"]
[PlyCount "86"]
[EventDate "2007.06.18"]
[EventType "swiss"]
[EventRounds "9"]
[EventCountry "POL"]
[SourceTitle "EXT 2008"]
[Source "ChessBase"]
[SourceDate "2007.11.25"]
[SourceVersion "1"]
[SourceVersionDate "2007.11.25"]
[SourceQuality "1"]

1. e4 c5 2. Nc3 Nc6 3. Bb5 Nd4 4. Bc4 g6 5. Nf3 Bg7 6. Nxd4 cxd4 7. Qf3 e6 8. Nb5 d6 9. Qa3 Ke7 10. c3 dxc3 11. dxc3 a6 12. Nd4 Qc7 13. Bd3 e5 14. Nf3 Bg4 15. 0-0 Bxf3 16. gxf3 Bh6 17. f4 Kf6 18. fxe5+ dxe5 19. Be3 Rd8 20. Rad1 Bxe3 21. fxe3+ Kg7 22. Qb3 Nh6 23. h3 Qe7 24. Rf3 f6 25. Bc4 Rxd1+ 26. Qxd1 Rd8 27. Bd5 b5 28. Qe1 Qc5 29. Qg3 Nf7 30. Rxf6 Kxf6 31. Qf3+ Kg7 32. Qxf7+ Kh6 33. Qf2 Rf8 34. Qh4+ Kg7 35. Kg2 Qd6 36. b3 Qa3 37. Kg3 Rf6 38. Qg5 Qxa2 39. Qxe5 Qf2+ 40. Kg4 h5+ 41. Kg5 Qxe3+ 42. Kh4 Kh6 43. Qxf6 Qe1+ 0-1

[Event "Perla Baltyku op-B 3rd"]
[Site "Mielno"]
[Date "2007.06.20"]
[Round "3"]
[White "Przerwa, Waldemar"]
[Black "Sikorski, Dariusz"]
[Result "0-1"]
[WhiteElo "1893"]
[BlackElo "2083"]
[PlyCount "116"]
[EventDate "2007.06.18"]
[EventType "swiss"]
[EventRounds "9"]
[EventCountry "POL"]
[SourceTitle "EXT 2008"]
[Source "ChessBase"]
[SourceDate "2007.11.25"]
[SourceVersion "1"]
[SourceVersionDate "2007.11.25"]
[SourceQuality "1"]

1. g3 d5 2. Nf3 Nf6 3. c4 c6 4. b3 Bg4 5. Bg2 e6 6. Bb2 Bc5 7. 0-0 Nbd7 8. d4 Be7 9. Nbd2 0-0 10. h3 Bh5 11. g4 Bg6 12. Nh4 Be4 13. Nhf3 Bg6 14. Nh4 Be4 15. Nhf3 h6 16. Nxe4 Nxe4 17. cxd5 exd5 18. Ne5 f5 19. f4 Nxe5 20. fxe5 fxg4 21. Bxe4 dxe4 22. hxg4 Qd7 23. e3 Rxf1+ 24. Qxf1 Qxg4+ 25. Qg2 Qxg2+ 26. Kxg2 Rf8 27. Rd1 Kf7 28. d5 cxd5 29. Rxd5 Ke6 30. Ra5 a6 31. Ra4 Rc8 32. Kg3 Rc2 33. Bd4 Kf5 34. Ra5 Bb4 35. Rd5 Ke6 36. Rd8 g5 37. Kg4 Rg2+ 38. Kh5 Kf5 39. Kxh6 g4 40. Kg7 g3 41. Kf7 Rc2 42. e6 g2 43. Rd5+ Kg4 44. Bf6 Kf3 45. Rd1 Ke2 46. Ra1 Rc7+ 47. e7 Bxe7 48. Bxe7 Kf2 49. Ke6 Rxe7+ 50. Kxe7 g1Q 51. Rxg1 Kxg1 52. Kd7 Kf2 53. Kc7 Kxe3 54. Kxb7 Kd4 55. Kxa6 e3 56. a4 Kc5 57. a5 e2 58. Kb7 e1Q 0-1

[Event "POL-chT3 0607"]
[Site "Poland"]
[Date "2007.04.01"]
[Round "11.22"]
[White "Sikorski, Dariusz"]
[Black "Jakubik, Slawomir"]
[Result "1-0"]
[WhiteElo "2083"]
[BlackElo "2055"]
[PlyCount "47"]
[EventDate "2006.11.12"]
[EventType "team"]
[EventRounds "11"]
[EventCountry "POL"]
[SourceTitle "EXT 2009"]
[Source "ChessBase"]
[SourceDate "2008.11.26"]
[SourceVersion "1"]
[SourceVersionDate "2008.11.26"]
[SourceQuality "1"]

1. e4 e6 2. d4 d5 3. Nc3 dxe4 4. Nxe4 Nd7 5. Nf3 Be7 6. Bd3 Ngf6 7. 0-0 Nxe4 8. Bxe4 Nf6 9. Bd3 0-0 10. Ne5 c5 11. dxc5 Bxc5 12. Bg5 Be7 13. Qe2 Nd7 14. Bf4 Nxe5 15. Bxe5 Bf6 16. Rad1 Qe7 17. Bd6 Qe8 18. Bb5 Qd8 19. Bxf8 Qxf8 20. c3 h6 21. Qe4 Rb8 22. Bd3 Qe8 23. Qh7+ Kf8 24. Bb5 1-0

[Event "POL-chT3 0607"]
[Site "Poland"]
[Date "2007.03.04"]
[Round "9.15"]
[White "Grajczak, Adrian"]
[Black "Sikorski, Dariusz"]
[Result "0-1"]
[WhiteElo "2044"]
[BlackElo "2083"]
[PlyCount "60"]
[EventDate "2006.11.12"]
[EventType "team"]
[EventRounds "11"]
[EventCountry "POL"]
[SourceTitle "EXT 2009"]
[Source "ChessBase"]
[SourceDate "2008.11.26"]
[SourceVersion "1"]
[SourceVersionDate "2008.11.26"]
[SourceQuality "1"]

1. e4 Nf6 2. e5 Nd5 3. c4 Nb6 4. d4 d6 5. exd6 cxd6 6. Nc3 g6 7. Be3 Bg7 8. Nf3 Bg4 9. Rc1 Nc6 10. Be2 0-0 11. b3 d5 12. c5 Nc8 13. 0-0 e6 14. h3 Bxf3 15. Bxf3 N8e7 16. Qd2 Qa5 17. Rfe1 Nf5 18. Ne2 Qa3 19. Bg4 Nxe3 20. fxe3 Bh6 21. Nc3 Qa5 22. Qe2 Qd8 23. Nb5 e5 24. dxe5 Qg5 25. e4 Qe3+ 26. Kf1 Qxe2+ 27. Kxe2 Bxc1 28. Rxc1 dxe4 29. Nd6 Nxe5 30. Nxe4 f5 0-1

[Event "POL-chT3 0607"]
[Site "Poland"]
[Date "2006.11.26"]
[Round "3.9"]
[White "Sikorski, Dariusz"]
[Black "Rak, Tomasz"]
[Result "0-1"]
[WhiteElo "2083"]
[BlackElo "2096"]
[PlyCount "82"]
[EventDate "2006.11.12"]
[EventType "team"]
[EventRounds "11"]
[EventCountry "POL"]
[SourceTitle "EXT 2009"]
[Source "ChessBase"]
[SourceDate "2008.11.26"]
[SourceVersion "1"]
[SourceVersionDate "2008.11.26"]
[SourceQuality "1"]

1. e4 c5 2. Nc3 Nc6 3. Bb5 Nd4 4. Bc4 g6 5. Nf3 Bg7 6. Nxd4 cxd4 7. Qf3 Nf6 8. Nb5 0-0 9. Nxd4 e5 10. Nb5 d5 11. exd5 a6 12. Nc3 e4 13. Qe2 b5 14. Bb3 b4 15. Na4 Bd7 16. c4 Qa5 17. Qd1 Bg4 18. Qc2 Rac8 19. c5 Rfd8 20. a3 Nxd5 21. 0-0 Be2 22. Qxe4 Bxf1 23. Kxf1 Qb5+ 24. Qc4 bxa3 25. Rxa3 Nf4 26. Nc3 Qb8 27. d3 Nxd3 28. Bg5 Qxh2 29. Bxd8 Qh1+ 30. Ke2 Rxd8 31. Qxf7+ Kh8 32. Bd5 Nxb2 33. Qe7 Rf8 34. Be4 Qc1 35. Rb3 Qf4 36. f3 Nc4 37. Nb1 Qh2 38. Kf1 Qh1+ 39. Kf2 Qd1 40. Rb7 Bd4+ 41. Kg3 Qe1+ 0-1

[Event "POL-chT3 0607"]
[Site "Poland"]
[Date "2006.11.19"]
[Round "2.27"]
[White "Wlodarski, Michal"]
[Black "Sikorski, Dariusz"]
[Result "1-0"]
[WhiteElo "1908"]
[BlackElo "2083"]
[PlyCount "63"]
[EventDate "2006.11.12"]
[EventType "team"]
[EventRounds "11"]
[EventCountry "POL"]
[SourceTitle "EXT 2009"]
[Source "ChessBase"]
[SourceDate "2008.11.26"]
[SourceVersion "1"]
[SourceVersionDate "2008.11.26"]
[SourceQuality "1"]

1. e4 c6 2. d4 d5 3. Nd2 dxe4 4. Nxe4 Nf6 5. Nxf6+ gxf6 6. c3 Bf5 7. Nf3 Qc7 8. g3 Nd7 9. Bg2 h5 10. 0-0 0-0-0 11. Be3 Be4 12. Qe2 Bxf3 13. Qxf3 h4 14. c4 hxg3 15. fxg3 Bh6 16. Bf2 e6 17. d5 Ne5 18. Qxf6 Ng4 19. Qf3 Nxf2 20. Qxf2 cxd5 21. cxd5 Kb8 22. Rae1 exd5 23. Qxf7 Qb6+ 24. Kh1 Bd2 25. Rd1 Qh6 26. h3 Qe3 27. Qf3 Qh6 28. Qf6 Be3 29. Qe5+ Ka8 30. Rxd5 Rde8 31. Qc7 Qe6 32. Rd8+ 1-0